Bellissima : feminine beauty and the idea of Italy /
| Main Author: | |
|---|---|
| Format: | Book |
| Language: | English |
| Published: |
New Haven [Conn.] ; London :
Yale University Press,
[2007]
|
| Subjects: | |
| Online Access: | Table of contents only Publisher description Contributor biographical information |
MARC
| Tag | First Indicator | Second Indicator | Subfields |
|---|---|---|---|
| LEADER | 00000cam a22000004a 4500 | ||
| 001 | in00002339421 | ||
| 005 | 20151108044008.0 | ||
| 008 | 061108s2007 ctua b 001 0 eng | ||
| 010 | |a 2006037320 | ||
| 015 | |a GBA711776 |2 bnb | ||
| 016 | 7 | |a 013672156 |2 Uk | |
| 020 | |a 0300123876 (alk. paper) | ||
| 020 | |a 9780300123876 (alk. paper) | ||
| 035 | |a (OCoLC)ocm76141923 | ||
| 035 | |a (OCoLC)76141923 | ||
| 040 | |a DLC |c DLC |d BTCTA |d UKM |d BAKER |d YDXCP |d BWKUK |d UtOrBLW | ||
| 043 | |a e-it--- | ||
| 049 | |a TXAM | ||
| 050 | 0 | 0 | |a HQ1220.I8 |b G86 2007 |
| 082 | 0 | 0 | |a 306.4/613 |2 22 |
| 100 | 1 | |a Gundle, Stephen, |d 1956- | |
| 245 | 1 | 0 | |a Bellissima : |b feminine beauty and the idea of Italy / |c Stephen Gundle. |
| 264 | 1 | |a New Haven [Conn.] ; |a London : |b Yale University Press, |c [2007] | |
| 264 | 4 | |c ©2007 | |
| 300 | |a xxvi, 301 pages : |b illustrations ; |c 24 cm. | ||
| 336 | |a text |b txt |2 rdacontent | ||
| 337 | |a unmediated |b n |2 rdamedia | ||
| 338 | |a volume |b nc |2 rdacarrier | ||
| 504 | |a Includes bibliographical references (pages 268-291) and index. | ||
| 505 | 0 | |a Italy, the land of beauty -- The blonde aura of Queen Margherita -- The rise of professional beauty -- Fascism and the allure of the female image -- Beauty and national identity after the Second World War -- Catholics, communists and beauty contests -- The female film stars of the 1950s -- Mass consumption and ideals of beauty -- Emancipation, eroticism and nostalgia -- Beauty and ethnicity in the age of globalisation -- The return of the 'bella italiana'. | |
| 650 | 0 | |a Feminine beauty (Aesthetics) |z Italy |x History |y 20th century. | |
| 650 | 0 | |a National characteristics, Italian. | |
| 856 | 4 | 1 | |3 Table of contents only |u http://www.loc.gov/catdir/toc/ecip074/2006037320.html |t 0 |
| 856 | 4 | 2 | |3 Publisher description |u http://www.loc.gov/catdir/enhancements/fy0711/2006037320-d.html |t 0 |
| 856 | 4 | 2 | |3 Contributor biographical information |u http://www.loc.gov/catdir/enhancements/fy0711/2006037320-b.html |t 0 |
| 938 | |a Baker & Taylor |b BKTY |c 45.00 |d 45.00 |i 0300123876 |n 0007225476 |s active | ||
| 938 | |a Baker and Taylor |b BTCP |n BK0007225476 | ||
| 938 | |a YBP Library Services |b YANK |n 100457376 | ||
| 945 | |a PromptCat |b 238027 | ||
| 946 | |a stk | ||
| 947 | |a A14836257909 | ||
| 948 | |a cataloged |b h |c 2007/10/13 |d c |e dmartine |f 3:24:56 pm | ||
| 994 | |a 92 |b TXA | ||
| 999 | |a MARS | ||
| 999 | f | f | |s 967bca5d-416d-321e-bcfd-e9a06cc7718d |i f988da54-6ca2-3094-b4cc-ead170fc727e |t 0 |
| 952 | f | f | |p normal |a Texas A&M University |b College Station |c Sterling C. Evans Library |s Evans stk |d Evans: Library Stacks |t 0 |e HQ1220.I8 G86 2007 |h Library of Congress classification |i unmediated -- volume |m A14836257909 |
| 998 | f | f | |a HQ1220.I8 G86 2007 |t 0 |l Evans: Library Stacks |